Statistics for Irish foods

Click here to take the quiz!

General Stats

  • This quiz has been taken 22 times
  • The average score is 11 of 44

Answer Stats

HintAnswer% Correct
foodbia
73%
dinnerdinnéar
73%
orangeoráiste
73%
breakfasbricfeasta
64%
butterim
64%
lunchlón
64%
ricerís
64%
chickensicín
64%
potatopráta
55%
eggubh
55%
juice
45%
strawberrysú talún
45%
tomatotráta
45%
carrotcairéad
36%
chocolateseáclaid
36%
cabbagecabáiste
27%
honeymil
27%
chipssceallóga
27%
honeymilseáin
18%
noodlesnúdail
18%
hungryocras
18%
peaspiseanna
18%
saladsailéad
18%
thirstytart
18%
turkeyturcaí
18%
ice creamuachtar reoite
18%
seafoodbia mara
9%
disgustingdéistineach
9%
lettuceleitís
9%
beefmarteoil
9%
mustardmustard
9%
pizzapíotsa
9%
alcoholicalcólach
0%
desserta mhilseog
0%
toastarán rosta
0%
cerealarbhar
0%
tastyblasta
0%
porridgebrachán
0%
crispsbrioscáin phrátaí
0%
hamlianmhás
0%
salmonsalann
0%
lambuaineoil
0%
fried eggubh bhruite
0%
fried eggubh friochta
0%

Score Distribution

Percentile by Number Answered

Percent of People with Each Score

Your Score History

You have not taken this quiz